| 000 | 00618nam a2200145Ia 4500 | ||
|---|---|---|---|
| 008 | 150609s9999 xx 000 0 und d | ||
| 050 |
_aLB 1060 _b.M715 2015 |
||
| 100 | _aMojica, Vincent Louie S. | ||
| 245 |
_aMental ability and interpersonal relations of high academic college achievers In southville international school and colleges / _cVincent Louie S. Mojica. |
||
| 260 |
_aLas PiƱas, Philippines : _bSISC, _c2015. |
||
| 300 |
_a54 pages : _billustrations ; _c28 cm. |
||
| 500 | _aIncludes bibliographical references and appendices. | ||
| 650 | _a Personality and academic achievement | ||
| 650 | _aMental ability | ||
| 999 |
_c285079 _d285079 |
||